000 00679nam a22002177a 4500
003 dpl
005 20240816151432.0
008 240305b |||||||| |||| 00| 0 eng d
010 _aENG-141027
020 _c1580.00
_a978939491567-1
035 _aEN-124559
037 _bDBAD
040 _c.
082 _a327.54
100 _aMahawar Kapoor Nutan And Bhattacharjee Dhrupajyoti
_962808
245 _aINDIA'S DEVELOPMENT PARTNERSHIP /
_bEXPANDING VISTAS
260 _aNew Delhi
_bKW Publishers
_c2023
270 _a4676/ 21 First Floor Ansari Road Daryaganj
_bNew Delhi
_e110002
300 _a367Pages
_c24cm,(hb)
942 _2ddc
_cEN
_h327.54
_mMHA
999 _c204490
_d204490